La filosofía /

Guardado en:
Autor Principal: Jaspers, Karl
Formato: Libro
Publicado: Buenos Aires : Fondo de Cultura Economica, 1978
Edición:12a. ed.
Materias:
Etiquetas: Agregar Etiqueta
Sin Etiquetas, Sea el primero en etiquetar este registro!
LEADER 00873nam a22001935a 4500
001 CEM.cems003457
005 20070614161856.0
008 130507s1978##################000#0#####d
003 CEMS
082 0 4 |a 100 
100 1 |a Jaspers, Karl 
245 1 0 |a La filosofía /  |c Karl Jaspers 
250 |a 12a. ed. 
260 |a Buenos Aires :  |b Fondo de Cultura Economica,  |c 1978 
300 |a 151 p. 
505 0 |a ¿Qué es la filosofía? -- Los orígenes de la filosofía -- Lo circunvalante -- La idea de Dios -- El requerimiento incondicional -- El hombre -- El mundo -- La fe y la ilustración -- La historia de la humanidad -- La independencia del hombre que filosofía -- La vida filosófica -- La historia de la filosofía 
653 |a Filosofía 
859 |a CEMS  |b BIB. CEMS - 11 de abril  |h 100  |i J312a12  |p 11970.83  |t Ej.1 
859 |a CEMS  |b BIB. CEMS - 11 de abril  |h 100  |i J312a12  |p 23956.07  |t Ej.2